| 000 | 00410nam a22001697a 4500 | ||
|---|---|---|---|
| 999 |
_c3330 _d3330 |
||
| 003 | GBCCL | ||
| 005 | 20241126110452.0 | ||
| 008 | 171124b xxu||||| |||| 00| 0 eng d | ||
| 040 | _cgbc | ||
| 082 |
_a248.32 _bTEA |
||
| 245 | _aTeach me to pray | ||
| 260 |
_aNashville: _bGraded Press, _c1985 |
||
| 300 |
_a127p.; _c20 cm. |
||
| 440 |
_aGrowing Christians _96827 |
||
| 650 |
_aPrayer _9332 |
||
| 942 |
_2ddc _cBK _03 |
||